000
00294nam a22001337a 4500
008
170628b xxu||||| |||| 00| 0 eng d
020
_a
0130438022
041
_a
eng
080
_2
5TH
_a
82
100
_a
21
101
_a
GJL
245
_a
AN APPROACH TO LITERATURE
_c
BROOKS,C
942
_2
udc
_c
BK
999
_c
19373
_d
19373